Simulación con software Arena
Збережено в:
| Автори: | , , |
|---|---|
| Формат: | Книга |
| Мова: | Іспанська |
| Опубліковано: |
Ciudad de México
McGraw Hill
2008
|
| Редагування: | 4a. ed |
| Предмети: | |
| Теги: |
Додати тег
Немає тегів, Будьте першим, хто поставить тег для цього запису!
|
MARC
| LEADER | 00000cam a2200000 a 4500 | ||
|---|---|---|---|
| 001 | UCI7316 | ||
| 003 | CL-VaPUC | ||
| 008 | 080626e20080000MX |||||||||||||||||spa|d | ||
| 020 | |a 9789701065150 | ||
| 082 | 0 | 4 | |a 003.35369 |b KEL |2 21 |
| 100 | |a Kelton, W. David |e author |9 584640 | ||
| 700 | 0 | |a Sadowski, Randall P |e author |9 530531 | |
| 700 | 0 | |a Sturrock, David T |e author |9 530532 | |
| 245 | 1 | 0 | |a Simulación con software Arena |
| 250 | |a 4a. ed | ||
| 300 | |a 631 p | ||
| 942 | |c BK | ||
| 945 | |d 20080626 00:00:00 |a rbrito | ||
| 260 | |a Ciudad de México |b McGraw Hill |c 2008 | ||
| 500 | |a Incluye CD | ||
| 650 | 0 | |a Simulación por computador |9 260988 | |
| 650 | 0 | |a Arena |9 261219 | |
| 650 | 0 | |a Software |9 387312 | |
| 583 | |a last modification |c 20181214 09:06:35 |k Rodrigo Vera | ||
| 999 | |c 330637 |d 330635 | ||
| 952 | |0 0 |1 0 |4 0 |6 003_353690000000000_KEL_2008 |7 0 |8 A |9 416288 |a BIBING |b BIBING |d 2019-11-22 |i 4452186 |l 1 |o 003.35369 KEL 2008 |p 4452186 |q 2020-09-30 |r 2020-07-27 |s 2020-07-27 |w 2019-11-22 |y BK |k TRA | ||
| 952 | |0 0 |1 0 |4 0 |6 003_353690000000000_KEL_2008 |7 0 |8 A |9 416289 |a BIBING |b BIBING |d 2019-11-22 |i 4452194 |o 003.35369 KEL 2008 |p 4452194 |r 2024-01-25 |w 2019-11-22 |y BK |k TRA | ||
| 952 | |0 0 |1 0 |4 0 |6 003_353690000000000_KEL_2008 |7 0 |8 A |9 416290 |a BIBING |b BIBING |d 2019-11-22 |i 4469585 |o 003.35369 KEL 2008 |p 4469585 |r 2024-01-25 |w 2019-11-22 |y BK |k EII | ||
| 952 | |0 0 |1 0 |4 0 |6 003_353690000000000_KEL_2008 |7 0 |8 A |9 416291 |a BIBING |b BIBING |d 2019-11-22 |i 4469593 |o 003.35369 KEL 2008 |p 4469593 |r 2024-01-25 |w 2019-11-22 |y BK |k EII | ||
| 952 | |0 0 |1 0 |4 0 |6 003_353690000000000_KEL_2008 |7 0 |8 A |9 416292 |a BIBING |b BIBING |d 2019-11-22 |i 4706935 |o 003.35369 KEL 2008 |p 4706935 |r 2024-01-25 |w 2019-11-22 |y BK |k ING | ||
| 952 | |0 0 |1 0 |3 erb |4 0 |6 003_353690000000000_KEL_2008 |7 0 |8 A |9 416293 |a BIBING |b BIBING |i 5523729 |o 003.35369 KEL 2008 |p 5523729 |r 2024-01-25 |w 2019-11-22 |y BK |z Catalogado en:20181220 |k EII | ||
| 952 | |0 0 |1 0 |3 erb |4 0 |6 003_353690000000000_KEL_2008 |7 0 |8 A |9 416294 |a BIBING |b BIBING |i 5523710 |o 003.35369 KEL 2008 |p 5523710 |r 2024-01-25 |w 2019-11-22 |y BK |z Catalogado en:20181220 |k EII | ||
| 952 | |0 0 |1 0 |3 erb |4 0 |6 003_353690000000000_KEL_2008 |7 0 |8 A |9 416295 |a BIBING |b BIBING |i 5523702 |o 003.35369 KEL 2008 |p 5523702 |r 2024-01-25 |w 2019-11-22 |y BK |z Catalogado en:20181220 |k EII | ||